000 00738cam a2200217 a 4500
999 _c12914
_d12914
003 OSt
005 20240801170835.0
008 080115s2008 nyua 000 0 eng
020 _a9781568987576 (alk. paper)
082 0 0 _a741.6
_222
100 1 _aPerry, Michael,
_d1981 July 19-
245 1 0 _aOver & over :
_ba catalog of hand-drawn patterns /
_cMichael Perry.
246 3 _aOver and over
260 _aNew York :
_bPrinceton Architectural Press,
_cc2008.
300 _a253 p. :
_bchiefly col. ill. ;
_c26 cm.
650 0 _aDrawing
_xThemes, motives.
650 0 _aCommercial art
_xThemes, motives.
650 0 _aPattern books.
856 4 1 _3Table of contents only
_uhttp://www.loc.gov/catdir/toc/ecip088/2008002016.html
942 _2ddc